Most Populous Asian Countries - Statistics

General Stats
  • This quiz has been taken 19 times
  • The average score is 18 of 20
Answer Stats
Population Country % Correct
164,689,383 Bangladesh
100%
1,439,323,776 China
100%
1,380,004,385 India
100%
126,476,461 Japan
100%
32,365,999 Malaysia
100%
220,892,340 Pakistan
100%
109,581,078 Philippines
100%
69,799,978 Thailand
100%
97,338,579 Vietnam
100%
273,523,615 Indonesia
94%
83,992,949 Iran
94%
40,222,493 Iraq
94%
34,813,871 Saudi Arabia
94%
51,269,185 South Korea
94%
84,339,067 Turkey
94%
38,928,346 Afghanistan
88%
54,409,800 Myanmar
88%
29,136,808 Nepal
69%
29,825,964 Yemen
69%
33,469,203 Uzbekistan
38%
No matching quizzes found
Score Distribution
Percent of People with Each Score
Percentile by Number Answered
Your Score History
You have not taken this quiz